000
00328nam a22001457a 4500
008
210303b ||||| |||| 00| 0 eng d
020
_a
9781285423937
041
_a
eng
080
_2
10th
_a
33
082
_a
33
100
_a
58
101
_a
BIZ
245
_a
Ethical Decision Making and Case
_c
Ferrell, O.C
942
_2
udc
_c
BK
999
_c
55662
_d
55662